000 00510nam a2200157Ia 4500
008 150610s9999 xx 000 0 und d
020 _a0 590134701
050 _aPZ7
_b .G2933Ju 1972
100 _aGeorge, Jean Craighead, 1919- 
245 _aJulie of the wolves /
_cby Jean Craighead George; pictures by John Schoenherr.
260 _aNew York :
_bHarper & Row 
_c1972.
300 _a170. :
_billustrations ;
_c17 cm.
520 _aFiction.
650 _aEskimos
_xFiction.
650 _aSurvival
_xFiction.
999 _c287915
_d287915